<?xml version="1.0" encoding="UTF-8"?>
<record
    xmlns:xsi="http://www.w3.org/2001/XMLSchema-instance"
    xsi:schemaLocation="http://www.loc.gov/MARC21/slim http://www.loc.gov/standards/marcxml/schema/MARC21slim.xsd"
    xmlns="http://www.loc.gov/MARC21/slim">

  <leader>00745nam a22002057a 4500</leader>
  <controlfield tag="003">UA-OsUOA</controlfield>
  <controlfield tag="001"> 10171 </controlfield>
  <controlfield tag="007">ta</controlfield>
  <controlfield tag="008">20041224b un ||||| |||| 00| 0 ukr d</controlfield>
  <datafield tag="100" ind1=" " ind2=" ">
    <subfield code="a">&#x411;&#x43E;&#x43D;&#x434;&#x430;&#x440; &#x412;.</subfield>
  </datafield>
  <datafield tag="942" ind1=" " ind2=" ">
    <subfield code="c">SA</subfield>
  </datafield>
  <datafield tag="040" ind1=" " ind2=" ">
    <subfield code="a">UA-OsUOA</subfield>
    <subfield code="b">ukr</subfield>
    <subfield code="c">UA-OsUOA</subfield>
    <subfield code="d">UA-OsUOA</subfield>
  </datafield>
  <datafield tag="245" ind1=" " ind2=" ">
    <subfield code="a">&#x420;&#x435;&#x447;&#x43D;&#x438;&#x43A;&#x438; &#x437;&#x435;&#x43C;&#x43B;&#x456; &#x441;&#x442;&#x435;&#x43F;&#x43E;&#x432;&#x43E;&#x457; : &#x41A;&#x456;&#x440;&#x43E;&#x432;&#x43E;&#x433;&#x440;&#x430;&#x434;&#x441;&#x44C;&#x43A;&#x456;&#x439; &#x43E;&#x431;&#x43B;&#x430;&#x441;&#x43D;&#x456;&#x439; &#x43E;&#x440;&#x433;&#x430;&#x43D;&#x456;&#x437;&#x430;&#x446;&#x456;&#x457; &#x41D;&#x421;&#x41F;&#x423; &#x443; &#x433;&#x440;&#x443;&#x434;&#x43D;&#x456; &#x432;&#x438;&#x43F;&#x43E;&#x432;&#x43D;&#x44E;&#x454;&#x442;&#x44C;&#x441;&#x44F; 20 &#x440;&#x43E;&#x43A;&#x456;&#x432; &#x432;&#x456;&#x434; &#x447;&#x430;&#x441;&#x443; &#x441;&#x442;&#x432;&#x43E;&#x440;&#x435;&#x43D;&#x43D;&#x44F;</subfield>
  </datafield>
  <datafield tag="300" ind1=" " ind2=" ">
    <subfield code="a">&#x421;.2</subfield>
  </datafield>
  <datafield tag="955" ind1=" " ind2=" ">
    <subfield code="a">0</subfield>
  </datafield>
  <datafield tag="041" ind1=" " ind2=" ">
    <subfield code="a">ukr</subfield>
  </datafield>
  <datafield tag="044" ind1=" " ind2=" ">
    <subfield code="a">UA</subfield>
  </datafield>
  <datafield tag="773" ind1="0" ind2=" ">
    <subfield code="w">0</subfield>
    <subfield code="t">&#x41B;&#x456;&#x442;&#x435;&#x440;&#x430;&#x442;&#x443;&#x440;&#x43D;&#x430; &#x423;&#x43A;&#x440;&#x430;&#x457;&#x43D;&#x430;</subfield>
    <subfield code="d">&#x41A;&#x438;&#x457;&#x432;</subfield>
    <subfield code="d">2004</subfield>
    <subfield code="g">&#x2116;50 /23&#x433;&#x440;&#x443;&#x434;./</subfield>
  </datafield>
  <datafield tag="650" ind1=" " ind2="7">
    <subfield code="a">&#x423;&#x43A;&#x440;&#x430;&#x457;&#x43D;&#x441;&#x44C;&#x43A;&#x435; &#x43B;&#x456;&#x442;&#x435;&#x440;&#x430;&#x442;&#x443;&#x440;&#x43E;&#x437;&#x43D;&#x430;&#x432;&#x441;&#x442;&#x432;&#x43E;</subfield>
    <subfield code="2">UDC</subfield>
  </datafield>
  <datafield tag="999" ind1=" " ind2=" ">
    <subfield code="c">296332</subfield>
    <subfield code="d">296332</subfield>
  </datafield>
</record>
